000 00985aam a2200313 i 4500
999 _c46321
_d46321
001 768714001
003 CO-MdFUSB
005 20201105134803.0
007 ta
008 200523t1933 enka|||| |||| 00| 0 eng d
020 _a[No incluye ISBN]
040 _bspa.
_aCO-MdFUSB
_cCO-MdFUSB
_dCO-MdFUSBC
_erda
041 _aeng
082 _223
_a226.607
_bC592
100 1 _aClark, Albert C.
_eautor
245 1 4 _aThe acts of the apostles :
_ba critical edition with introduction and notes on selected passages
_c/ Albert C. Clark
264 1 _aOxford, Inglaterra :
_bThe Clarendon Press,
_c[1933]
264 4 _c© 1933
300 _alxiv, 427 páginas
_c; 24 cm
336 _atexto
_btxt
_2rdacontent
337 _2rdamedia
_asin mediación
_bn
338 _2rdacarrier
_avolumen
_bnc
505 _aIntroducción - Sigla - Texto - Testigos al texto Z - Notas
563 _aPasta dura
630 0 7 _aBiblia.
_pHechos
942 _cBK
945 _aJTF-925